00471nam a2200205Ia 4500003000900000008004100009040001300050040001300063041000800076100001900084245006300103250001200166260000800178260000900186300001000195300001000205490002700215490000600242700001700248IT-RoPAU120407s9999 xx 000 0 und d aIT-RoPAU cIT-RoPAU aita aRichard Volkl  aDiaconia e carità€ nelle comunità€ del nuovo testamento. aBologna aEDB c1979 a93 p. c19 cm aEducatori e catechisti v1 aRudolf Pesch